[Event "London Classic op 10th"]
[Site "London"]
[Date "2018.12.16"]
[Round "9"]
[White "Wei, Naomi"]
[Black "Atanasov, Anthony"]
[Result "0-1"]
[WhiteElo "1812"]
[BlackElo "1928"]
[PlyCount "94"]
[EventDate "2018.12.09"]
[EventType "swiss"]
[EventRounds "9"]
[EventCountry "ENG"]
[SourceTitle "EXT 2020"]
[Source "ChessBase"]
[SourceDate "2019.10.17"]
[SourceVersion "1"]
[SourceVersionDate "2019.10.17"]
[SourceQuality "1"]

1. d4 Nf6 2. c4 g6 3. Nc3 d5 4. cxd5 Nxd5 5. e4 Nxc3 6. bxc3 Bg7 7. Bg5 c5 8. Rc1 0-0 9. Nf3 Qc7 10. Be2 b6 11. d5 Rd8 12. 0-0 Nc6 13. Qc2 Na5 14. c4 Nb7 15. Rfe1 f6 16. Bh4 e5 17. Bd3 Nd6 18. Nd2 Rf8 19. Bg3 Bh6 20. Rcd1 Ba6 21. a4 Rae8 22. Nf3 Bg7 23. Nd2 Bh6 24. Nf3 Bc8 25. h3 Bg7 26. Nd2 f5 27. f3 f4 28. Bf2 g5 29. Rb1 Bd7 30. Qa2 h5 31. Be2 Rf6 32. a5 Rb8 33. Rb3 Rg6 34. axb6 axb6 35. Ra3 g4 36. hxg4 hxg4 37. fxg4 Qc8 38. Ra1 Bxg4 39. Bf1 Qe8 40. Ra8 Rxa8 41. Qxa8 Nc8 42. Ra7 Rh6 43. Rc7 Qh5 44. Rxc8+ Kh7 45. Bh4 Qxh4 46. Nf3 Bxf3 47. gxf3 Qh2# 0-1

[Event "London Classic op 10th"]
[Site "London"]
[Date "2018.12.14"]
[Round "6"]
[White "Semprun Martinez, Fernando M"]
[Black "Wei, Naomi"]
[Result "1-0"]
[WhiteElo "2091"]
[BlackElo "1812"]
[PlyCount "87"]
[EventDate "2018.12.09"]
[EventType "swiss"]
[EventRounds "9"]
[EventCountry "ENG"]
[SourceTitle "CBM 187 Extra"]
[Source "ChessBase"]
[SourceDate "2018.11.04"]
[SourceVersion "1"]
[SourceVersionDate "2018.11.04"]
[SourceQuality "1"]

1. Nf3 e6 2. d4 Nf6 3. c4 d5 4. g3 dxc4 5. Bg2 Bb4+ 6. Bd2 a5 7. 0-0 0-0 8. Qc2 c6 9. Qxc4 Bxd2 10. Nbxd2 Nbd7 11. Rfd1 Qe7 12. Ne5 Nxe5 13. dxe5 Nd7 14. f4 f6 15. exf6 Nxf6 16. Nf3 Ng4 17. Rd3 b5 18. Qe4 e5 19. Nh4 g5 20. fxg5 Qa7+ 21. e3 Nf2 22. Qxc6 Nxd3 23. Qd5+ Kg7 24. Qxd3 Bb7 25. Nf5+ Rxf5 26. Qxf5 Qxe3+ 27. Qf2 Qxf2+ 28. Kxf2 Bxg2 29. Kxg2 Kg6 30. h4 e4 31. Rf1 Rd8 32. Rf6+ Kg7 33. Rf2 a4 34. Re2 b4 35. Kf2 Rd4 36. Ke3 Rd3+ 37. Kf4 b3 38. a3 Rd4 39. g4 Rc4 40. h5 Rc2 41. Ke3 Rc4 42. Rf2 Rc2 43. Rxc2 bxc2 44. Kd2 1-0

[Event "UK-ch blitz (Women) op"]
[Site "Solihull"]
[Date "2018.12.01"]
[Round "3"]
[White "Wei, Naomi"]
[Black "Fink Nunn, Petra"]
[Result "1-0"]
[WhiteElo "1858"]
[BlackElo "1923"]
[PlyCount "75"]
[EventDate "2018.12.01"]
[EventType "tourn (blitz)"]
[EventRounds "15"]
[EventCountry "ENG"]
[SourceTitle "EXT 2020"]
[Source "ChessBase"]
[SourceDate "2019.10.17"]
[SourceVersion "1"]
[SourceVersionDate "2019.10.17"]
[SourceQuality "1"]

1. d4 d5 2. c4 e6 3. Nc3 Nf6 4. cxd5 exd5 5. Bg5 Be7 6. e3 0-0 7. Bd3 c6 8. Nf3 Nh5 9. Bxe7 Qxe7 10. 0-0 Bg4 11. h3 Bxf3 12. Qxf3 Nf6 13. Rab1 Nbd7 14. b4 Rfe8 15. b5 Ne4 16. Bxe4 dxe4 17. Qe2 c5 18. Rfd1 cxd4 19. Rxd4 Nc5 20. Nd5 Qe5 21. Rbd1 Rac8 22. f3 exf3 23. Qxf3 Ne6 24. R4d3 Rc2 25. a4 h6 26. Nb4 Rb2 27. Rd7 Rf8 28. Nd3 Qc3 29. Nf4 Nxf4 30. Qxf4 Qc2 31. Qf3 Qc4 32. Rxb7 Qxa4 33. Rdd7 Qc4 34. Qf4 Qc1+ 35. Kh2 Qc2 36. Qf3 Qc5 37. Rxf7 Rxf7 38. Qxf7+ 1-0

[Event "UK-ch blitz (Women) op"]
[Site "Solihull"]
[Date "2018.12.01"]
[Round "1"]
[White "Wei, Naomi"]
[Black "Lampard, Alice"]
[Result "1/2-1/2"]
[WhiteElo "1858"]
[BlackElo "1700"]
[PlyCount "77"]
[EventDate "2018.12.01"]
[EventType "tourn (blitz)"]
[EventRounds "15"]
[EventCountry "ENG"]
[SourceTitle "EXT 2020"]
[Source "ChessBase"]
[SourceDate "2019.10.17"]
[SourceVersion "1"]
[SourceVersionDate "2019.10.17"]
[SourceQuality "1"]

1. d4 Nf6 2. c4 g6 3. Nc3 d5 4. cxd5 Nxd5 5. e4 Nxc3 6. bxc3 Bg7 7. Bg5 c5 8. Rc1 0-0 9. Nf3 Bg4 10. Be2 cxd4 11. Nxd4 Bxe2 12. Nxe2 Nc6 13. 0-0 Qa5 14. Be3 Qxa2 15. Ra1 Qc4 16. Ra4 Qb5 17. Qc2 Rfd8 18. Nf4 e6 19. Rb1 Qe5 20. Ne2 b6 21. f4 Qc7 22. Rc4 Rac8 23. Nd4 Qb7 24. Nxc6 Rxc6 25. Rxc6 Qxc6 26. Qb3 Qxc3 27. Qxc3 Bxc3 28. Rc1 Bd4 29. Kf2 Bxe3+ 30. Kxe3 Rd7 31. Rc8+ Kg7 32. e5 f6 33. Ke4 f5+ 34. Ke3 Rb7 35. Re8 Kf7 36. Rh8 Kg7 37. Re8 Kf7 38. Rh8 Kg7 39. Re8 1/2-1/2

[Event "ENG Terafinal"]
[Site "Daventry"]
[Date "2017.08.12"]
[Round "1"]
[White "Wei, Naomi"]
[Black "Ercsei, Estera Alexandra"]
[Result "1-0"]
[WhiteElo "165"]
[BlackElo "113"]
[PlyCount "65"]
[EventDate "2017.08.12"]
[EventType "swiss"]
[EventRounds "6"]
[EventCountry "ENG"]
[SourceTitle "CBM 179 Extra"]
[Source "ChessBase"]
[SourceDate "2017.08.23"]
[SourceVersion "1"]
[SourceVersionDate "2017.08.23"]
[SourceQuality "1"]

1. d4 Nc6 2. e4 d5 3. e5 Bf5 4. c3 e6 5. Nf3 Nge7 6. Be2 Bg4 7. Bg5 Qd7 8. Nbd2 Nf5 9. h3 Bxf3 10. Nxf3 Be7 11. Bf4 0-0 12. Qc2 f6 13. g4 fxe5 14. Nxe5 Nxe5 15. Bxe5 Nd6 16. Bd3 g6 17. Bxg6 Ne4 18. Bxe4 dxe4 19. Qxe4 c6 20. 0-0 Bh4 21. f4 Rf7 22. g5 Raf8 23. Qg2 Rf5 24. Qg4 Bxg5 25. fxg5 Qf7 26. Rxf5 exf5 27. Qf4 Qg6 28. Kh2 Qh5 29. Rg1 Qe2+ 30. Rg2 Qh5 31. Bf6 Qf7 32. Qh4 Qc7+ 33. Be5 1-0

[Event "Gilbert Cup"]
[Site "Daventry"]
[Date "2016.07.18"]
[Round "4.6"]
[White "Smith, Sarah E"]
[Black "Wei, Naomi"]
[Result "0-1"]
[WhiteElo "1471"]
[BlackElo "1750"]
[PlyCount "68"]
[EventDate "2016.07.17"]
[EventType "team-tourn"]
[EventRounds "5"]
[EventCountry "ENG"]
[SourceTitle "CBM 173 Extra"]
[Source "ChessBase"]
[SourceDate "2016.08.29"]
[SourceVersion "1"]
[SourceVersionDate "2016.08.29"]
[SourceQuality "1"]
[WhiteTeam "Scotland (W)"]
[BlackTeam "England (W)"]
[WhiteTeamCountry "SCO"]
[BlackTeamCountry "ENG"]

1. Nc3 e6 2. f4 d5 3. e3 c5 4. Nf3 Nc6 5. Bb5 Nge7 6. 0-0 a6 7. Be2 g6 8. d4 cxd4 9. exd4 Bg7 10. Be3 0-0 11. Qd2 Nf5 12. g4 Nxe3 13. Qxe3 Qb6 14. Rad1 Qxb2 15. Qc1 Qxc1 16. Rxc1 Nxd4 17. Ne5 Nxe2+ 18. Nxe2 Bxe5 19. fxe5 Bd7 20. Nd4 Rac8 21. Rb1 Rc4 22. Rfd1 b5 23. a3 Rfc8 24. Kf2 Rc3 25. Ra1 Rh3 26. Kg2 Re3 27. Re1 Rxe1 28. Rxe1 Rc3 29. Ra1 Rc4 30. Rd1 Ra4 31. Rd3 Rc4 32. Kf3 f6 33. exf6 e5 34. Ne2 e4+ 0-1

[Event "Gilbert Cup"]
[Site "Daventry"]
[Date "2016.07.17"]
[Round "2.3"]
[White "Sivarajasingam, Venetia"]
[Black "Wei, Naomi"]
[Result "0-1"]
[WhiteElo "1698"]
[BlackElo "1750"]
[PlyCount "100"]
[EventDate "2016.07.17"]
[EventType "team-tourn"]
[EventRounds "5"]
[EventCountry "ENG"]
[SourceTitle "CBM 173 Extra"]
[Source "ChessBase"]
[SourceDate "2016.08.29"]
[SourceVersion "1"]
[SourceVersionDate "2016.08.29"]
[SourceQuality "1"]
[WhiteTeam "Wales (W)"]
[BlackTeam "England (W)"]
[WhiteTeamCountry "WLS"]
[BlackTeamCountry "ENG"]

1. e4 e6 2. d4 d5 3. e5 b6 4. Nf3 Ne7 5. Bd3 Ba6 6. Bxa6 Nxa6 7. Qd3 Nb8 8. c3 Nd7 9. Be3 c5 10. Nbd2 Nc6 11. 0-0 Be7 12. Rfe1 0-0 13. Nf1 Rc8 14. Rac1 cxd4 15. Bxd4 Nc5 16. Qe3 Qd7 17. Ng5 Bxg5 18. Qxg5 Nd3 19. Ng3 h6 20. Qg4 Kh7 21. Nh5 Rg8 22. Rcd1 Nxe1 23. Rxe1 Nxd4 24. Qxd4 Qe7 25. Qf4 Rc4 26. Qf3 Rc7 27. Qd3+ Kh8 28. Qh3 Qg5 29. f4 Qg6 30. g4 d4 31. Qf3 dxc3 32. bxc3 Rgc8 33. Rc1 Rd7 34. Kh1 Qd3 35. Qg2 Qd5 36. Ng3 Qxg2+ 37. Kxg2 Rd2+ 38. Kh3 Rd3 39. Kg2 Rdxc3 40. Rd1 Rc2+ 41. Kh1 Rc1 42. Rg1 Rxg1+ 43. Kxg1 Rc2 44. Ne4 Rxa2 45. Nd6 Kg8 46. Nc8 b5 47. Ne7+ Kf8 48. Nc6 a5 49. Nd4 b4 50. h3 a4 0-1

[Event "Crawley e2e4 Gatwick op"]
[Site "Crawley"]
[Date "2016.02.19"]
[Round "1"]
[White "Healey, Michael W"]
[Black "Wei, Naomi"]
[Result "1-0"]
[WhiteElo "2102"]
[BlackElo "1765"]
[PlyCount "65"]
[EventDate "2016.02.19"]
[EventType "swiss"]
[EventRounds "5"]
[EventCountry "ENG"]
[SourceTitle "CBM 171 Extra"]
[Source "ChessBase"]
[SourceDate "2016.04.26"]
[SourceVersion "1"]
[SourceVersionDate "2016.04.26"]
[SourceQuality "1"]

1. e4 e6 2. b3 d5 3. Bb2 Nf6 4. e5 Nfd7 5. Qg4 c5 6. f4 g6 7. Nf3 Bg7 8. Nc3 a6 9. a4 Nc6 10. Be2 0-0 11. 0-0 Re8 12. Rae1 f6 13. Nd1 d4 14. Bc4 Qe7 15. Qh3 fxe5 16. Ng5 Nf8 17. Nf2 exf4 18. Nfe4 h6 19. Nf3 Na5 20. Ba3 b6 21. g3 Nxc4 22. bxc4 e5 23. Qg2 Ne6 24. Nh4 g5 25. Nf5 Qa7 26. gxf4 Nxf4 27. Rxf4 exf4 28. Nf6+ Bxf6 29. Rxe8+ Kh7 30. Qd5 Be6 31. Rxa8 Qf7 32. Qe4 Qg6 33. Qxe6 1-0

[Event "BCF-chT2c 1415 (4NCL)"]
[Site "England"]
[Date "2015.05.03"]
[Round "10.227"]
[White "Cumming, Rhys"]
[Black "Wei, Naomi"]
[Result "1-0"]
[WhiteElo "2130"]
[BlackElo "1915"]
[PlyCount "73"]
[EventDate "2015.03.29"]
[EventType "team-tourn"]
[EventRounds "11"]
[EventCountry "ENG"]
[SourceTitle "EXT 2016"]
[Source "ChessBase"]
[SourceDate "2015.10.08"]
[SourceVersion "1"]
[SourceVersionDate "2015.10.08"]
[SourceQuality "1"]
[WhiteTeam "Sussex Martlets"]
[BlackTeam "Barbican Youth"]
[WhiteTeamCountry "ENG"]
[BlackTeamCountry "ENG"]

1. d4 Nf6 2. Bg5 c5 3. d5 Qb6 4. Nc3 Qxb2 5. Bd2 Qb6 6. e4 d6 7. f4 Bg4 8. Be2 Bxe2 9. Qxe2 e6 10. Rb1 Qc7 11. Nf3 Be7 12. Qb5+ Nbd7 13. dxe6 fxe6 14. Ng5 a6 15. Nxe6 axb5 16. Nxc7+ Kf7 17. Nxa8 b4 18. Nc7 bxc3 19. Bxc3 Nxe4 20. Nd5 Nxc3 21. Nxc3 Rb8 22. 0-0 Bf6 23. Nb5 Be7 24. Rfd1 Ke6 25. Re1+ Kf7 26. Nxd6+ Bxd6 27. Rbd1 Bxf4 28. Rxd7+ Kg8 29. Ree7 Bh6 30. Rxb7 Ra8 31. g4 g6 32. Rxh7 Be3+ 33. Kg2 Rxa2 34. Rhe7 Rxc2+ 35. Kf3 Bh6 36. Re8+ Bf8 37. Rbb8 1-0

[Event "Gilbert Cup"]
[Site "Stirling"]
[Date "2014.08.06"]
[Round "6.5"]
[White "Wei, Naomi"]
[Black "Sivarajasingam, Shayanna"]
[Result "1-0"]
[WhiteElo "1793"]
[BlackElo "1499"]
[PlyCount "99"]
[EventDate "2014.08.04"]
[EventType "team-tourn"]
[EventRounds "6"]
[EventCountry "SCO"]
[SourceTitle "CBM 162 Extra"]
[Source "ChessBase"]
[SourceDate "2014.10.17"]
[SourceVersion "1"]
[SourceVersionDate "2014.10.17"]
[SourceQuality "1"]
[WhiteTeam "England"]
[BlackTeam "Wales"]
[WhiteTeamCountry "ENG"]
[BlackTeamCountry "WLS"]

1. d4 d5 2. c4 e6 3. Nc3 Nf6 4. cxd5 exd5 5. Bg5 Be7 6. e3 h6 7. Bh4 Bf5 8. Bxf6 Bxf6 9. Qb3 b6 10. Qxd5 Qxd5 11. Nxd5 Bd8 12. Rc1 Kd7 13. Be2 Be6 14. Bf3 Bxd5 15. Bxd5 c6 16. Bxf7 Rf8 17. Bc4 b5 18. Be2 Be7 19. Nf3 g5 20. Ne5+ Kc7 21. Bxb5 Bb4+ 22. Ke2 Rf6 23. Nxc6 Nxc6 24. d5 Kb6 25. Rxc6+ Rxc6 26. Bxc6 Rd8 27. Rd1 Bd6 28. h3 Be5 29. b4 a6 30. a4 Bd6 31. b5 axb5 32. axb5 Be5 33. g3 Bd6 34. f4 gxf4 35. gxf4 Rf8 36. Ra1 Rb8 37. Kf3 Be7 38. e4 Bd6 39. e5 Bf8 40. f5 h5 41. f6 Bh6 42. e6 Bg5 43. f7 Be7 44. Rg1 Rf8 45. Rg8 Kc7 46. Ke4 h4 47. Kf5 Bb4 48. Kg6 Bc5 49. Kg7 Rxg8+ 50. fxg8Q 1-0

[Event "Gilbert Cup"]
[Site "Stirling"]
[Date "2014.08.04"]
[Round "2.2"]
[White "Milton, Anna Helen Mary"]
[Black "Wei, Naomi"]
[Result "1/2-1/2"]
[WhiteElo "1561"]
[BlackElo "1793"]
[PlyCount "101"]
[EventDate "2014.08.04"]
[EventType "team-tourn"]
[EventRounds "6"]
[EventCountry "SCO"]
[SourceTitle "CBM 162 Extra"]
[Source "ChessBase"]
[SourceDate "2014.10.17"]
[SourceVersion "1"]
[SourceVersionDate "2014.10.17"]
[SourceQuality "1"]
[WhiteTeam "Scotland"]
[BlackTeam "England"]
[WhiteTeamCountry "SCO"]
[BlackTeamCountry "ENG"]

1. d4 Nf6 2. c4 e6 3. Nc3 Bb4 4. Nf3 c5 5. e3 0-0 6. Bd3 b6 7. 0-0 Bb7 8. a3 Bxc3 9. bxc3 d6 10. Re1 Qc7 11. Bb2 Nc6 12. Qe2 Na5 13. Rad1 e5 14. Nd2 Rfe8 15. Bc2 Ba6 16. dxe5 dxe5 17. Ba4 Red8 18. Bb5 Bc8 19. Nf3 Bg4 20. Rxd8+ Rxd8 21. h3 Bh5 22. Qc2 Bxf3 23. gxf3 Qd6 24. Qe2 g6 25. Kh1 Qe6 26. Kh2 Ne8 27. Rg1 Nd6 28. Rd1 Rf8 29. Qd3 Naxc4 30. Bxc4 Nxc4 31. Bc1 b5 32. Qd7 Qa6 33. Rd5 Qb6 34. Kg2 a5 35. Qe7 b4 36. Qxc5 Qxc5 37. Rxc5 Nxa3 38. Rxa5 Rc8 39. Bxa3 bxa3 40. Rxa3 Kg7 41. Kf1 Kf6 42. Ke2 Kg5 43. Ra7 Rxc3 44. Rxf7 h5 45. Kf1 Rc4 46. Kg2 Rb4 47. Re7 Kf6 48. Ra7 h4 49. Rc7 Ra4 50. Rc6+ Kg5 51. Rb6 1/2-1/2

[Event "Southend op 58th"]
[Site "Southend"]
[Date "2014.04.21"]
[Round "7"]
[White "Wei, Naomi"]
[Black "Mandnikar, Atreya"]
[Result "1-0"]
[WhiteElo "1775"]
[BlackElo "1535"]
[PlyCount "163"]
[EventDate "2014.04.18"]
[EventType "swiss"]
[EventRounds "7"]
[EventCountry "ENG"]
[SourceTitle "EXT 2016"]
[Source "ChessBase"]
[SourceDate "2015.10.08"]
[SourceVersion "1"]
[SourceVersionDate "2015.10.08"]
[SourceQuality "1"]

1. d4 d5 2. c4 e6 3. Nc3 c5 4. cxd5 exd5 5. Nf3 Nc6 6. g3 Nf6 7. Bg2 Be7 8. Bg5 cxd4 9. Nxd4 h6 10. Be3 Be6 11. 0-0 0-0 12. Rc1 Qd7 13. Nxc6 bxc6 14. Na4 Bh3 15. Bc5 Rfe8 16. Bxe7 Rxe7 17. Nc5 Qc8 18. e3 Rb8 19. b3 Bxg2 20. Kxg2 Nd7 21. Qg4 Nxc5 22. Qxc8+ Rxc8 23. Rxc5 Rec7 24. Rfc1 Kf8 25. Kf3 Ke7 26. e4 dxe4+ 27. Kxe4 Kd6 28. b4 Re8+ 29. Kd3 Re5 30. Rxe5 Kxe5 31. Rc5+ Kd6 32. f4 Re7 33. Ra5 Rd7 34. Kc4 Re7 35. Kd4 Rd7 36. Ra6 Kc7+ 37. Kc3 Kb7 38. Ra5 Kb6 39. Re5 f6 40. Rc5 Re7 41. Kd2 Re4 42. a3 g6 43. h4 f5 44. h5 Re6 45. hxg6 Rxg6 46. Rc3 h5 47. Ke2 h4 48. gxh4 Rg4 49. Rh3 Rxf4 50. h5 Re4+ 51. Kf3 Re8 52. h6 a5 53. h7 Rh8 54. bxa5+ Kxa5 55. Kf4 Kb5 56. Kxf5 c5 57. Kg6 c4 58. Kg7 Ra8 59. h8Q Rxh8 60. Rxh8 Ka4 61. Rc8 Kb3 62. a4 Kxa4 63. Rxc4+ Kb5 64. Rh4 Kc5 65. Kf6 Kd5 66. Rh5+ Ke4 67. Rf5 Kd4 68. Re5 Kd3 69. Kf5 Kd4 70. Re8 Kc4 71. Ke5 Kd3 72. Rc8 Ke3 73. Rc3+ Kd2 74. Kd4 Ke2 75. Ra3 Kf2 76. Ke4 Ke1 77. Ra2 Kd1 78. Kd3 Ke1 79. Rb2 Kf1 80. Ke3 Kg1 81. Kf3 Kh1 82. Kg3 1-0

[Event "Southend op 58th"]
[Site "Southend"]
[Date "2014.04.20"]
[Round "5"]
[White "Wei, Naomi"]
[Black "Lefevre, Stephen D"]
[Result "1-0"]
[WhiteElo "1775"]
[BlackElo "1815"]
[PlyCount "125"]
[EventDate "2014.04.18"]
[EventType "swiss"]
[EventRounds "7"]
[EventCountry "ENG"]
[SourceTitle "EXT 2016"]
[Source "ChessBase"]
[SourceDate "2015.10.08"]
[SourceVersion "1"]
[SourceVersionDate "2015.10.08"]
[SourceQuality "1"]

1. d4 Nf6 2. c4 e6 3. Nc3 Bb4 4. e3 0-0 5. Nge2 b6 6. a3 Bxc3+ 7. Nxc3 Bb7 8. d5 d6 9. Be2 e5 10. b4 e4 11. 0-0 Nbd7 12. f4 Qe7 13. Bb2 a5 14. Nb5 Ne8 15. Nd4 g6 16. Qc2 axb4 17. axb4 Ng7 18. Qc3 f6 19. Bg4 Rxa1 20. Rxa1 f5 21. Bd1 Nf6 22. Ra7 Bc8 23. Nc6 Qf7 24. Ra8 Nd7 25. Nd4 Qf6 26. Ba4 b5 27. Bxb5 Nb6 28. Ra7 Rf7 29. Bc6 Bd7 30. Rxc7 Bxc6 31. Rxf7 Kxf7 32. dxc6 Ne8 33. Nb5 Qxc3 34. Bxc3 Nxc4 35. c7 Nb6 36. Bd4 Nc8 37. Kf2 Ke6 38. Kg3 Kd5 39. Nc3+ Kc6 40. b5+ Kxc7 41. Nd5+ Kb7 42. b6 Kc6 43. Nb4+ Kb7 44. Kh4 h6 45. Nd5 Kc6 46. Nb4+ Kb7 47. g4 Nxb6 48. gxf5 gxf5 49. Kh5 Nd7 50. Kxh6 d5 51. Nxd5 Kc6 52. Ne7+ Kd6 53. Nxf5+ Ke6 54. Ng7+ Nxg7 55. Bxg7 Kf5 56. h4 Nb6 57. Bd4 Nd7 58. h5 Nf8 59. Be5 Ne6 60. Kh7 Nf8+ 61. Kg8 Ne6 62. h6 Kg6 63. h7 1-0

[Event "Southend op 58th"]
[Site "Southend"]
[Date "2014.04.18"]
[Round "1"]
[White "Harari, Zaki"]
[Black "Wei, Naomi"]
[Result "1-0"]
[WhiteElo "2081"]
[BlackElo "1775"]
[PlyCount "139"]
[EventDate "2014.04.18"]
[EventType "swiss"]
[EventRounds "7"]
[EventCountry "ENG"]
[SourceTitle "EXT 2016"]
[Source "ChessBase"]
[SourceDate "2015.10.08"]
[SourceVersion "1"]
[SourceVersionDate "2015.10.08"]
[SourceQuality "1"]

1. e4 e6 2. d3 d5 3. Nd2 Nf6 4. Ngf3 Be7 5. g3 b5 6. Bg2 c5 7. 0-0 Bb7 8. Re1 Nc6 9. e5 Nd7 10. h4 Qc7 11. Qe2 a5 12. Nf1 a4 13. Bf4 c4 14. d4 b4 15. Ne3 Nb6 16. Red1 Ba6 17. Qd2 Na5 18. Qe1 h6 19. Ng4 Bb5 20. h5 Kd7 21. Bf1 Qc6 22. Bh3 Rhc8 23. Rdc1 c3 24. b3 axb3 25. axb3 Ra6 26. Ne3 Rca8 27. Qd1 R8a7 28. Bf1 Bxf1 29. Qxf1 Kc7 30. Qd3 Qa8 31. Rab1 Nc6 32. Qh7 Bf8 33. Kg2 Kd8 34. Qd3 Ra1 35. Qb5 Kc7 36. Qf1 Rxb1 37. Rxb1 Ra2 38. Qd1 Rb2 39. Ra1 Ra2 40. Rc1 Qa6 41. Nf1 Nc8 42. Be3 N8a7 43. Ne1 Nb5 44. Qf3 Nd8 45. Nd3 Na3 46. Qd1 Nb7 47. Ne1 Kd8 48. Nh2 Ke8 49. Nhf3 Be7 50. g4 Nb5 51. Qd3 Nd8 52. Qh7 Bf8 53. Nd3 Nc6 54. Nc5 Bxc5 55. dxc5 d4 56. Bf4 Ra1 57. Qxg7 Rxc1 58. Bxc1 Qa7 59. Qg8+ Kd7 60. Qxf7+ Ne7 61. c6+ Kxc6 62. Qxe6+ Kc5 63. Qc4+ Kb6 64. Nxd4 Qa8+ 65. Kg3 Nxd4 66. Qxd4+ Ka6 67. Qxb4 Nc6 68. Qa4+ Kb7 69. Qxa8+ Kxa8 70. e6 1-0